000 00584nam a22002177a 4500
003 OSt
005 20260629161515.0
008 260629b |||||||| |||| 00| 0 eng d
020 _a9780977779680
040 _cCHUKA UNIVERSITY LIBRARY
050 _aLB 1025.3 .R 88 2008
100 _aRUTHERFORD PAULA
_931087
245 _aINSTRUCTION FOR ALL STUDENTS
250 _a2 ED.
260 _aVIRGINIA
_bJUST ASK
_c2008
300 _a318P
650 _aEFFECTION TEACHING
_931827
650 _aACTIVE LEARNING
_911597
650 _aEDUCATION STARDARDS
_931828
942 _2lcc
_cBK
_n0
999 _c25514
_d25514